Possibilities and strength of qualitative approaches in evaluating indicators used in SAPARD Plan

Prijímanie opatrení, ktoré zamedzujú nežiaduce dysfunkcie sociálnych systémov. Jedno z týchto opatrení, ktoré je zvýrazňované EÚ sa týka zlepšenia kvality života na vidieku v ČR. Otázky výberu vhodných indikátorov a postupov. Článok poukazuje na možnosti využitia kvalitatívnych metód používaných v s...

Description complète

Enregistré dans:
Détails bibliographiques
Auteur principal: Lošťák, Michal
Format: Chapitre de livre
Langue:anglais
Sujets:
Tags: Ajouter un tag
Pas de tags, Soyez le premier à ajouter un tag!

MARC

LEADER 00000naa a2200000 4500
001 r043529
005 20231004090940.7
041 0 |a eng 
044 |a CZ 
245 1 0 |a Possibilities and strength of qualitative approaches in evaluating indicators used in SAPARD Plan  |c Michal Lošťák 
520 |a Prijímanie opatrení, ktoré zamedzujú nežiaduce dysfunkcie sociálnych systémov. Jedno z týchto opatrení, ktoré je zvýrazňované EÚ sa týka zlepšenia kvality života na vidieku v ČR. Otázky výberu vhodných indikátorov a postupov. Článok poukazuje na možnosti využitia kvalitatívnych metód používaných v sociológii. Za použitia konkrétneho príkladu sa sleduje validita a reliabilita niektorých indikátorov použitých v Pláne SAPARD. Jednou z nich je metóda heuristického intervenčného prieskumu. 
610 2 0 |a rozvoj regionálny 
610 2 0 |a Česko 
610 2 0 |a systémy sociálne 
610 2 0 |a sociológia 
610 2 0 |a ukazovatele kvalitatívne 
610 2 0 |a prieskum sociologický 
610 2 0 |a programy rozvojové 
610 2 0 |a SAPARD 
100 1 |a Lošťák, Michal